| 000 | 00483nam a22001937a 4500 | ||
|---|---|---|---|
| 003 | MPLRDC | ||
| 005 | 20220104114024.0 | ||
| 008 | 210129b ||||| |||| 00| 0 eng d | ||
| 020 | _a957-639-059-1 | ||
| 082 | _a861.57 EYCS v.122 | ||
| 100 | _a吉行淳之介等著 | ||
| 245 |
_a三美神 _c柏谷译 |
||
| 250 | _a初版 | ||
| 260 |
_a台湾 _b尔雅出版社 _c1992 |
||
| 300 | _b232 | ||
| 490 | _a尔雅丛书. 122 | ||
| 650 | _a日本文学 | ||
| 942 |
_cBK _o861.57 EYCS v.122 |
||
| 999 |
_c4199 _d4189 |
||